Statistics for F1 drivers with most titles

Click here to take the quiz!

General Stats

  • This quiz has been taken 267 times
    (244 since last reset)
  • The average score is 8 of 10

Answer Stats

ChampionshipsDriver% Correct
2008, 2014, 2015, 2017, 2018, 2019Lewis Hamilton
98%
1994, 1995, 2000, 2001, 2002, 2003, 2004Michael Schumacher
98%
1988, 1990, 1991Ayrton Senna
95%
2010, 2011, 2012, 2013Sebastian Vettel
95%
1985, 1986, 1989, 1993Alain Prost
90%
1951, 1954, 1955, 1956, 1957Juan Manuel Fangio
86%
1975, 1977, 1984Niki Lauda
86%
1981, 1983, 1987Nelson Piquet
68%
1969, 1971, 1973Jackie Stewart
65%
1959, 1960, 1966Jack Brabham
53%

Score Distribution

Percentile by Number Answered

Percent of People with Each Score

Your Score History

You have not taken this quiz since the last reset